00294nam a2200121Ia 4500008004100000020001500041041001200056100001300068245003600081260003500117300000800152650001200160221030s9999 xx 000 0 und d a0143102850 aEnglish aC. Handy 0aGods of Managementcby C. Handy bPenguin booksaNew Delhic2007 a268 aGeneral